[Event "Winnipeg April TNT"]
[Site "Winnipeg"]
[Date "2015.04.07"]
[Round "1.4"]
[White "Huston Earle, Joshua"]
[Black "Rutter, Blair A"]
[Result "0-1"]
[WhiteElo "1613"]
[BlackElo "1957"]
[PlyCount "68"]
[EventDate "2015.04.07"]
[EventType "swiss"]
[EventRounds "4"]
[EventCountry "CAN"]
[SourceTitle "EXT 2019"]
[Source "ChessBase"]
[SourceDate "2018.10.10"]
[SourceVersion "1"]
[SourceVersionDate "2018.10.10"]
[SourceQuality "1"]

1. d4 e6 2. Nf3 d5 3. c4 Nf6 4. Nc3 Nc6 5. a3 Be7 6. Bf4 a6 7. e3 0-0 8. Be2 Bd7 9. 0-0 Na5 10. cxd5 exd5 11. Qc2 b5 12. Be5 c6 13. Bd3 g6 14. Nh4 Ng4 15. Nxg6 hxg6 16. Bxg6 Nxe5 17. dxe5 Nc4 18. Bf5 Nxe5 19. Bh7+ Kg7 20. f4 Nc4 21. Rf3 f5 22. Rh3 Bc5 23. Nd1 Qf6 24. Qe2 Kf7 25. Rc1 Rae8 26. Rc3 Bb6 27. Rg3 Ke7 28. Qh5 Kd8 29. Rg6 Qf7 30. Qg5+ Qe7 31. Qh6 Nxe3 32. Nxe3 Bxe3+ 33. Kf1 Bd4 34. Rc1 Qe2# 0-1

[Event "Winnipeg March TNT"]
[Site "Winnipeg"]
[Date "2015.03.24"]
[Round "4.5"]
[White "Skop, Mike"]
[Black "Huston Earle, Joshua"]
[Result "1-0"]
[WhiteElo "1594"]
[BlackElo "1495"]
[PlyCount "51"]
[EventDate "2015.03.03"]
[EventType "swiss"]
[EventRounds "5"]
[EventCountry "CAN"]
[SourceTitle "EXT 2019"]
[Source "ChessBase"]
[SourceDate "2018.10.10"]
[SourceVersion "1"]
[SourceVersionDate "2018.10.10"]
[SourceQuality "1"]

1. d3 Nf6 2. g3 g6 3. Nf3 Bg7 4. Bg2 0-0 5. Bg5 Nc6 6. Qc1 d6 7. Bh6 Bg4 8. Bxg7 Kxg7 9. Nbd2 Qd7 10. h3 Bxf3 11. Nxf3 e5 12. Nh2 Rae8 13. Ng4 Ng8 14. Qd2 f5 15. Nh2 Nf6 16. Bxc6 Qxc6 17. 0-0-0 e4 18. g4 fxg4 19. Nxg4 Nxg4 20. hxg4 e3 21. fxe3 Qc5 22. e4 g5 23. d4 Qb5 24. a4 Qxa4 25. Qxg5+ Kh8 26. Rxh7+ 1-0

[Event "Winnipeg March TNT"]
[Site "Winnipeg"]
[Date "2015.03.03"]
[Round "1.5"]
[White "Huston Earle, Joshua"]
[Black "Atem, James"]
[Result "1-0"]
[WhiteElo "1495"]
[BlackElo "1881"]
[PlyCount "151"]
[EventDate "2015.03.03"]
[EventType "swiss"]
[EventRounds "5"]
[EventCountry "CAN"]
[SourceTitle "EXT 2019"]
[Source "ChessBase"]
[SourceDate "2018.10.10"]
[SourceVersion "1"]
[SourceVersionDate "2018.10.10"]
[SourceQuality "1"]

1. d4 Nf6 2. Nf3 d5 3. Nc3 a6 4. Bf4 Nbd7 5. e3 c6 6. Bd3 c5 7. 0-0 c4 8. Bf5 e6 9. Bh3 h6 10. Be5 Be7 11. Re1 Bb4 12. Qd2 0-0 13. a3 Ne4 14. Qd1 Nxc3 15. Qd2 Na2 16. axb4 Nxb4 17. Qxb4 b5 18. Qa5 Nb6 19. Qa3 Na4 20. b3 cxb3 21. cxb3 Nc3 22. Qd6 Qe8 23. Qc7 b4 24. Bd6 Nb5 25. Qc5 Nxd6 26. Qxd6 Qb5 27. Qc5 Rb8 28. Qxb5 Rxb5 29. Ne5 f6 30. Nc6 Rb6 31. Ne7+ Kf7 32. Nxc8 Rxc8 33. Rec1 Rc3 34. Rab1 Rbc6 35. Rxc3 bxc3 36. Rc1 c2 37. g3 Rc3 38. Bf1 Rxb3 39. Rxc2 Rb6 40. Ra2 f5 41. Rxa6 Rb1 42. Kg2 Kf6 43. h4 g5 44. hxg5+ hxg5 45. Be2 g4 46. Bd3 Rb3 47. Bc2 Rb7 48. Ba4 Ke7 49. Bc6 Rc7 50. Rb6 Rc8 51. Rb7+ Kd6 52. Ba4 e5 53. Rf7 exd4 54. exd4 Rc4 55. Bd7 Rxd4 56. Bxf5 Ke5 57. Bc8 Rc4 58. Bb7 Ke6 59. Rf4 Rc7 60. Ba6 Ke5 61. Rxg4 d4 62. Bd3 Rc3 63. f4+ Kd5 64. Rg5+ Kd6 65. Be4 Rc4 66. Rg6+ Kd7 67. f5 Rc3 68. Rc6 Re3 69. Bf3 d3 70. Re6 Rxe6 71. fxe6+ Kxe6 72. Bd1 Kf5 73. Kf3 Ke5 74. g4 d2 75. Kg3 Ke4 76. Kh4 1-0

[Event "Winnipeg February TNT"]
[Site "Winnipeg"]
[Date "2015.02.24"]
[Round "4.4"]
[White "Magyar, Peter"]
[Black "Huston Earle, Joshua"]
[Result "0-1"]
[WhiteElo "1575"]
[BlackElo "1503"]
[PlyCount "72"]
[EventDate "2015.02.03"]
[EventType "swiss"]
[EventRounds "4"]
[EventCountry "CAN"]
[SourceTitle "EXT 2019"]
[Source "ChessBase"]
[SourceDate "2018.10.10"]
[SourceVersion "1"]
[SourceVersionDate "2018.10.10"]
[SourceQuality "1"]

1. d4 Nf6 2. Nf3 e6 3. Bf4 Be7 4. h3 0-0 5. e3 d5 6. Be2 Nc6 7. Nbd2 Nh5 8. Bh2 Bd6 9. Ne5 Nf6 10. Ndf3 Nd7 11. Nxc6 bxc6 12. g3 Nf6 13. c3 c5 14. dxc5 Bxc5 15. Ne5 Bb7 16. Bb5 Qd6 17. g4 a6 18. Ng6 Qd8 19. Nxf8 axb5 20. Nxh7 Kxh7 21. Qd3+ Kg8 22. Qxb5 Bb6 23. 0-0-0 Rxa2 24. Qb3 Ra1+ 25. Kc2 Rxd1 26. Rxd1 Bc6 27. Qa3 Qd7 28. Kc1 Ne4 29. Rf1 Bb5 30. Qa8+ Kh7 31. Rg1 Nxf2 32. Bf4 Nd3+ 33. Kb1 Nxf4 34. exf4 Bxg1 35. Qf8 Bd3+ 36. Ka1 Qa4+ 0-1

[Event "Winnipeg March TNT"]
[Site "Winnipeg"]
[Date "2015.01.03"]
[Round "3.5"]
[White "Huston Earle, Joshua"]
[Black "Campbell, Jamie"]
[Result "1/2-1/2"]
[WhiteElo "1810"]
[BlackElo "1495"]
[PlyCount "61"]
[EventDate "2015.03.03"]
[EventType "swiss"]
[EventRounds "5"]
[EventCountry "CAN"]
[SourceTitle "EXT 2019"]
[Source "ChessBase"]
[SourceDate "2018.10.10"]
[SourceVersion "1"]
[SourceVersionDate "2018.10.10"]
[SourceQuality "1"]

1. d4 Nf6 2. Nf3 c5 3. Nc3 cxd4 4. Nxd4 g6 5. e4 d6 6. Bc4 Bg7 7. 0-0 0-0 8. Re1 Nc6 9. Nf3 Bg4 10. h3 Bxf3 11. Qxf3 Ne5 12. Qe2 Nxc4 13. Qxc4 Rc8 14. Qb3 Qd7 15. Qb5 Rc6 16. Nd5 Rfc8 17. Bg5 Nxd5 18. exd5 R6c7 19. Qxd7 Rxd7 20. Rxe7 Rxe7 21. Bxe7 Rxc2 22. Bxd6 Rd2 23. Re1 Bxb2 24. Re8+ Kg7 25. Bf8+ Kf6 26. Be7+ Kf5 27. g4+ Kf4 28. Bd6+ Kg5 29. Be7+ Kf4 30. Bd6+ Kg5 31. Be7+ 1/2-1/2

[Event "Winnipeg TNT October op"]
[Site "Winnipeg"]
[Date "2014.10.14"]
[Round "2.4"]
[White "Huston Earle, Joshua"]
[Black "Beach, Brock"]
[Result "0-1"]
[WhiteElo "1437"]
[BlackElo "1753"]
[PlyCount "70"]
[EventDate "2014.10.07"]
[EventType "swiss"]
[EventRounds "4"]
[EventCountry "CAN"]
[SourceTitle "EXT 2022"]
[Source "ChessBase"]
[SourceDate "2021.10.06"]
[SourceVersion "1"]
[SourceVersionDate "2021.10.06"]
[SourceQuality "1"]

1. d4 d5 2. Nf3 Nf6 3. Nc3 e6 4. Bf4 Bb4 5. e3 Ne4 6. Nd2 Nxc3 7. bxc3 Bxc3 8. Rb1 h5 9. Be2 Bxd2+ 10. Qxd2 g5 11. Bb5+ Bd7 12. Bxd7+ Nxd7 13. Rxb7 gxf4 14. Qa5 Nb6 15. 0-0 f3 16. Rb1 Qg5 17. g3 0-0 18. h3 Qf5 19. Kh2 Qxc2 20. Qe1 Qc6 21. R7xb6 axb6 22. Qh1 Rxa2 23. Qxf3 Qc2 24. Rf1 Qe2 25. Qf4 Rfa8 26. Qg5+ Kf8 27. Qh6+ Ke7 28. Qg5+ f6 29. Qg7+ Kd6 30. Qxf6 Qxf1 31. Qe5+ Kd7 32. Qg7+ Kc8 33. Qf8+ Kb7 34. Qxa8+ Kxa8 35. h4 Rxf2# 0-1

[Event "Winnipeg TNT September op"]
[Site "Winnipeg"]
[Date "2014.09.16"]
[Round "2.4"]
[White "Huston Earle, Joshua"]
[Black "Leaden, Bruce"]
[Result "1-0"]
[WhiteElo "1383"]
[BlackElo "1576"]
[PlyCount "94"]
[EventDate "2014.09.09"]
[EventType "swiss"]
[EventRounds "4"]
[EventCountry "CAN"]
[SourceTitle "EXT 2022"]
[Source "ChessBase"]
[SourceDate "2021.10.06"]
[SourceVersion "1"]
[SourceVersionDate "2021.10.06"]
[SourceQuality "1"]

1. d4 e6 2. Nc3 d5 3. Nf3 c5 4. Bf4 Nc6 5. Nb5 Qa5+ 6. Nc3 Qb4 7. e3 Qxb2 8. Nb5 Qb4+ 9. Qd2 Qxd2+ 10. Kxd2 Kd7 11. Nc7 Rb8 12. Bb5 Bd6 13. dxc5 Bxc7 14. Ne5+ Ke7 15. Bxc6 f6 16. Ng6+ hxg6 17. Bxc7 Ra8 18. Bd6+ Kf7 19. Ba4 Ne7 20. Rae1 Nc6 21. e4 Rh5 22. Re3 Ne5 23. Bb3 Bd7 24. exd5 Re8 25. h3 Bb5 26. dxe6+ Rxe6 27. Bxe6+ Kxe6 28. Bxe5 Rxe5 29. Rxe5+ Kxe5 30. Re1+ Kf5 31. Re7 Bc6 32. g3 g5 33. Rxg7 a6 34. Re7 Bf3 35. Ke3 Bc6 36. Rc7 Ke6 37. Rxc6+ bxc6 38. h4 gxh4 39. gxh4 Ke5 40. f4+ Kf5 41. Kf3 Ke6 42. Ke4 f5+ 43. Ke3 Kf6 44. Kd4 Ke6 45. h5 Kf6 46. h6 Kg6 47. Ke5 Kxh6 1-0

[Event "Winnipeg Yanofsky Memorial U1800"]
[Site "Winnipeg"]
[Date "2014.08.30"]
[Round "3"]
[White "Huston Earle, Joshua"]
[Black "Trueman, Francis"]
[Result "1-0"]
[WhiteElo "1382"]
[BlackElo "1547"]
[PlyCount "23"]
[EventDate "2014.08.29"]
[EventType "swiss"]
[EventRounds "5"]
[EventCountry "CAN"]
[SourceTitle "EXT 2022"]
[Source "ChessBase"]
[SourceDate "2021.10.06"]
[SourceVersion "1"]
[SourceVersionDate "2021.10.06"]
[SourceQuality "1"]

1. d4 Nf6 2. c4 e6 3. Nf3 c5 4. Bf4 Nc6 5. e3 d5 6. Nc3 Be7 7. Nb5 0-0 8. Ng5 cxd4 9. Nc7 dxe3 10. fxe3 e5 11. Bxe5 Nxe5 12. Nxa8 1-0

[Event "Winnipeg TNT March op"]
[Site "Winnipeg"]
[Date "2014.03.25"]
[Round "4.4"]
[White "Reimer, Bruce"]
[Black "Huston Earle, Joshua"]
[Result "1-0"]
[WhiteElo "1615"]
[BlackElo "1353"]
[PlyCount "129"]
[EventDate "2014.03.04"]
[EventType "swiss"]
[EventRounds "4"]
[EventCountry "CAN"]
[SourceTitle "EXT 2022"]
[Source "ChessBase"]
[SourceDate "2021.10.06"]
[SourceVersion "1"]
[SourceVersionDate "2021.10.06"]
[SourceQuality "1"]

1. c4 e5 2. g3 Nf6 3. Bg2 Nc6 4. Nc3 Bb4 5. a3 Bxc3 6. bxc3 0-0 7. e3 Re8 8. Ne2 d6 9. Rb1 b6 10. Bxc6 Bd7 11. Bxd7 Qxd7 12. 0-0 Rad8 13. d4 Qh3 14. f3 exd4 15. Nf4 Qf5 16. e4 Qc5 17. Qxd4 Qxd4+ 18. cxd4 c6 19. Bb2 d5 20. e5 Nd7 21. cxd5 c5 22. dxc5 Nxc5 23. Rbd1 Rd7 24. e6 fxe6 25. dxe6 Rxd1 26. Rxd1 Nxe6 27. Nxe6 Rxe6 28. Kf2 Rc6 29. Rc1 Rd6 30. Rc8+ Kf7 31. Rc7+ Kg6 32. Bxg7 Rd2+ 33. Kg1 Rd1+ 34. Kg2 Rd2+ 35. Kh3 a5 36. Bf8 Rd8 37. Rc6+ Kf7 38. Bd6 b5 39. f4 a4 40. Bb4 Rd5 41. Rc5 Rxc5 42. Bxc5 Kg6 43. g4 Kf6 44. Kh4 Kg6 45. f5+ Kf6 46. Bd4+ Kf7 47. g5 Kg8 48. Kh5 Kf7 49. h4 Kg8 50. g6 hxg6+ 51. Kxg6 Kf8 52. h5 Kg8 53. h6 b4 54. axb4 a3 55. h7+ Kf8 56. Kf6 Ke8 57. h8Q+ Kd7 58. Ke5 a2 59. Qf6 a1Q 60. Bxa1 Kc7 61. b5 Kb7 62. Qc6+ Kb8 63. Qd7 Ka8 64. b6 Kb8 65. Qc7+ 1-0

[Event "Winnipeg TNT March op"]
[Site "Winnipeg"]
[Date "2014.03.18"]
[Round "3.4"]
[White "Huston Earle, Joshua"]
[Black "Evans, Jason"]
[Result "1-0"]
[WhiteElo "1353"]
[BlackElo "1514"]
[PlyCount "53"]
[EventDate "2014.03.04"]
[EventType "swiss"]
[EventRounds "4"]
[EventCountry "CAN"]
[SourceTitle "EXT 2022"]
[Source "ChessBase"]
[SourceDate "2021.10.06"]
[SourceVersion "1"]
[SourceVersionDate "2021.10.06"]
[SourceQuality "1"]

1. d4 d6 2. e4 c6 3. f4 Nd7 4. Nf3 Qc7 5. c4 e5 6. d5 Ngf6 7. Nc3 Nc5 8. Bd3 Nxd3+ 9. Qxd3 Be7 10. Bd2 0-0 11. 0-0-0 a6 12. Be3 Bd7 13. fxe5 dxe5 14. d6 Bxd6 15. Qxd6 Qc8 16. Nxe5 Rd8 17. Bb6 Bg4 18. Bxd8 Bxd1 19. Rxd1 Ne8 20. Qe7 Qe6 21. Qxe6 fxe6 22. Be7 Nf6 23. Rd8+ Rxd8 24. Bxd8 Kf8 25. Bxf6 gxf6 26. Nd7+ Kg7 27. Kd2 1-0

[Event "Winnipeg Memorial"]
[Site "Winnipeg"]
[Date "2012.12.04"]
[Round "5"]
[White "Huston Earle, Joshua"]
[Black "Trueman, Francis"]
[Result "1-0"]
[WhiteElo "1352"]
[BlackElo "1491"]
[PlyCount "67"]
[EventDate "2012.11.06"]
[EventType "swiss"]
[EventRounds "6"]
[EventCountry "CAN"]
[SourceTitle "EXT 2022"]
[Source "ChessBase"]
[SourceDate "2021.10.06"]
[SourceVersion "1"]
[SourceVersionDate "2021.10.06"]
[SourceQuality "1"]

1. e4 d6 2. d4 Nf6 3. Nc3 g6 4. Nf3 Bg7 5. Bc4 0-0 6. 0-0 c6 7. Re1 Nbd7 8. e5 dxe5 9. Nxe5 e6 10. Bf4 a5 11. a4 Nb6 12. Bb3 Nbd5 13. Nxd5 cxd5 14. c4 dxc4 15. Bxc4 Nd5 16. Bxd5 Qxd5 17. Rc1 f6 18. Rc5 Qd8 19. Nc4 b6 20. Bc7 Qe7 21. Bxb6 Qd7 22. Qf3 Bb7 23. Qe3 Rfe8 24. Rc7 Qd5 25. Qf3 Qxf3 26. gxf3 Bxf3 27. Bxa5 Ra6 28. b4 Bd5 29. b5 Raa8 30. Nb6 Rxa5 31. Nxd5 Kf8 32. b6 Rxd5 33. b7 Rb8 34. Rc8+ 1-0

[Event "Winnipeg Memorial"]
[Site "Winnipeg"]
[Date "2012.11.20"]
[Round "3"]
[White "Huston Earle, Joshua"]
[Black "Green, Jim"]
[Result "0-1"]
[WhiteElo "1352"]
[BlackElo "1714"]
[PlyCount "101"]
[EventDate "2012.11.06"]
[EventType "swiss"]
[EventRounds "6"]
[EventCountry "CAN"]
[SourceTitle "EXT 2022"]
[Source "ChessBase"]
[SourceDate "2021.10.06"]
[SourceVersion "1"]
[SourceVersionDate "2021.10.06"]
[SourceQuality "1"]

1. e4 Nf6 2. Nc3 e5 3. Nf3 Nc6 4. Bc4 Bc5 5. 0-0 0-0 6. d3 a6 7. Nd5 h6 8. h3 d6 9. Nh2 Na5 10. Be3 Nxc4 11. dxc4 Nxe4 12. Qd3 f5 13. g4 Bxe3 14. Nxe3 Nc5 15. Qd5+ Be6 16. Qg2 f4 17. Nf5 Kh7 18. Nf3 Bxf5 19. gxf5 Rxf5 20. Qg4 g6 21. Kh2 Qe7 22. Rg1 Qf7 23. Rg2 e4 24. Nh4 Rg5 25. Qd1 Rxg2+ 26. Nxg2 f3 27. Ne3 Qf4+ 28. Kh1 Re8 29. Nd5 Qh4 30. Qg1 Qxh3+ 31. Qh2 Qxh2+ 32. Kxh2 Re5 33. Nxc7 e3 34. fxe3 Rxe3 35. Rf1 Re2+ 36. Kg3 f2 37. Rxf2 Ne4+ 38. Kf3 Rxf2+ 39. Kxe4 h5 40. Kd5 h4 41. Ne6 Kh6 42. Kxd6 h3 43. Kc7 h2 44. Kxb7 h1Q+ 45. Kxa6 Qc6+ 46. Ka5 Qxe6 47. b4 Qxc4 48. a4 Rf8 49. c3 Qxc3 50. Ka6 Qxb4 51. Ka7 0-1